| 000 | 00620nam a2200205Ia 4500 | ||
|---|---|---|---|
| 003 | 0100 | ||
| 008 | 130227s9999 xx 000 0 und d | ||
| 040 | _cARRUPELIB | ||
| 050 | _aD101.2.M412 | ||
| 245 | 4 | _aThe Quest for a principle of authority in Europe 1715 - present | |
| 245 | _bSelect problems in historical interpretation | ||
| 260 | _aNew York | ||
| 260 | _bHolt, Rinehart & Winston | ||
| 260 | _C1948 | ||
| 300 | _axiii | ||
| 300 | _b 376p 24cm | ||
| 650 | _bAIDS (Disease)- Africa- Congresses | ||
| 700 | _aMendenhall, Thomas C. (ed); Henning, Basil D. (ed); Foord, Archibald S. (ed) | ||
| 942 |
_2lcc _01 |
||
| 999 |
_c628 _d628 |
||